000 00512nam a2200133Ia 4500
008 100328s9999 xx 000 0 und d
082 _b46266
100 _aकाळे जयराम
245 _aमहाराष्ट्र सरकारची अनुदाने
260 _bमनोविकास
630 _aमहाराष्ट्र सरकारची अनुदाने
730 _aमहाराष्ट्र सरकारची अनुदाने
942 _cBOOK
999 _c534266
_d534263